Určovanie axiálnych disperzných koeficientov v airlift reaktoroch

Enregistré dans:
Détails bibliographiques
Auteur principal: Schuller, Lukáš
Format: Livre
Langue:slovaque
Publié: Bratislava STU FCHPT 2007
Accès en ligne:Voir à l'OPAC
Tags: Ajouter un tag
Pas de tags, Soyez le premier à ajouter un tag!

MARC

LEADER 00000nam a2200000 a 4500
005 20260127134217.0
008 060607 2006 xo 000 0 slo d
035 |a vtls009082643 
039 9 |y 200707251023  |z mschk03 
040 |a STUSCHK1  |b slo  |c STUSCHK1  |e AACR2 
100 1 |a Schuller, Lukáš 
245 1 |a Určovanie axiálnych disperzných koeficientov v airlift reaktoroch  |c Lukáš Schuller 
260 |a Bratislava  |b STU FCHPT  |c 2007 
300 |a 50 s.  |b obr.,tab.,grafy, lit.  |c 29 cm 
500 |a Obháj.: 6.6. 2007 
500 |a Špec.: chemické inžinierstvo 
500 |a Ústav chemického a environmentálneho inžinierstva 
910 |a SCHK95 
999 |c 6771  |d 6771